000 00713nam a22002057a 4500
999 _c1925
_d1925
003 AR-CdUCM
008 190228b ||||| |||| 00| 0 spa d
040 _aMUNICIPALIDAD PROVINCIAL DEL CUSCO
_cBIBLIOTECA MUNICIPAL DEL CUSCO
082 _a869.56 /
_bB41
100 _aBellí, Carlos Germán
_97036
245 _aAcción de gracias /
260 _aTrujillo :
_bMunicipalidad Provincial de Trujillo. Casa del Artista,
_bEdicones SEA,
_c1992.
300 _a52 páginas ;
_c20 cm.
440 _aColección homenaje al centenario de César Vallejo.
_n16
_97037
650 _aPoesías peruanas
_91481
650 _aPoesías siglo XX
_93861
650 _aLiteratura peruana
_9169
942 _2ddc
_cLIBROS
945 _azta